Làm sao để vợ chồng sống đời hòa hợp hạnh phúc
Αποθηκεύτηκε σε:
| Κύριος συγγραφέας: | |
|---|---|
| Μορφή: | Βιβλίο |
| Γλώσσα: | Undetermined |
| Έκδοση: |
Thanh Hóa
|
| Ετικέτες: |
Προσθήκη ετικέτας
Δεν υπάρχουν, Καταχωρήστε ετικέτα πρώτοι!
|
| Thư viện lưu trữ: | Trung tâm Học liệu Trường Đại học Cần Thơ |
|---|
| LEADER | 00411nam a2200133Ia 4500 | ||
|---|---|---|---|
| 001 | CTU_50002 | ||
| 008 | 210402s9999 xx 000 0 und d | ||
| 082 | |a 613.95 | ||
| 082 | |b M312 | ||
| 100 | |a MINH NGHĨA | ||
| 245 | 0 | |a Làm sao để vợ chồng sống đời hòa hợp hạnh phúc | |
| 245 | 0 | |c MINH NGHĨA | |
| 260 | |b Thanh Hóa | ||
| 980 | |a Trung tâm Học liệu Trường Đại học Cần Thơ | ||